| 000 -LEADER |
| fixed length control field |
00426cam a22001457a 4500 |
| 008 - FIXED-LENGTH DATA ELEMENTS--GENERAL INFORMATION |
| fixed length control field |
180718b2001 xxu||||| |||| 00| 0 eng d |
| 020 ## - INTERNATIONAL STANDARD BOOK NUMBER |
| International Standard Book Number |
81869623011 |
| 082 ## - DEWEY DECIMAL CLASSIFICATION NUMBER |
| Classification number |
A3 B469 |
| 245 ## - TITLE STATEMENT |
| Title |
Voices of sanity: reaching out for peace |
| Statement of responsibility, etc. |
edited by Kamla Bhasin, Smitu Kothari and Bindia Thapar |
| 260 ## - PUBLICATION, DISTRIBUTION, ETC. |
| Place of publication, distribution, etc. |
Delhi |
| Name of publisher, distributor, etc. |
Lokayan |
| Date of publication, distribution, etc. |
2001 |
| 300 ## - PHYSICAL DESCRIPTION |
| Extent |
175p. |
| 700 ## - ADDED ENTRY--PERSONAL NAME |
| Personal name |
Thapar, Bindia |
| 700 ## - ADDED ENTRY--PERSONAL NAME |
| Personal name |
Kothari, Smitu |
| 700 ## - ADDED ENTRY--PERSONAL NAME |
| Personal name |
Bhasin, Kamla |